| 000 | 00378cam a2200157ua 4500 | ||
|---|---|---|---|
| 041 |
_ahin _h |
||
| 082 |
_a891.54 _bGAN/AR |
||
| 100 | _aGandhiji, . | ||
| 245 |
_aArogya ki kunji / _cGandhiji. _hTextual Documents |
||
| 250 |
_a1 / _b. |
||
| 260 |
_aAhmadabad : _bNavajivan publishing house , _c1959. |
||
| 300 | _a58 ; . | ||
| 504 | _a | ||
| 942 | _cBK | ||
| 999 |
_c8157 _d8157 |
||